Một mình trên chiến trường vẫn là chiến sĩ ; T2

שמור ב:
מידע ביבליוגרפי
מחבר ראשי: Yu Mikhailich
פורמט: ספר
שפה:Undetermined
יצא לאור: Hà Nội Thanh Niên 1982
נושאים:
תגים: הוספת תג
אין תגיות, היה/י הראשונ/ה לתייג את הרשומה!
Thư viện lưu trữ: Trung tâm Học liệu Trường Đại học Cần Thơ
LEADER 00525nam a2200169Ia 4500
001 CTU_16034
008 210402s9999 xx 000 0 und d
082 |a 891.743 
082 |b M636/T2 
100 |a Yu Mikhailich 
245 0 |a Một mình trên chiến trường vẫn là chiến sĩ ; T2 
245 0 |c Yu Mikhailich, Trọng Phan, Hà Bắc 
260 |a Hà Nội 
260 |b Thanh Niên 
260 |c 1982 
650 |a russian fiction 
980 |a Trung tâm Học liệu Trường Đại học Cần Thơ